000 01119nam a2200289Ia 4500
001 ebr10437337
003 CaPaEBR
006 m u
007 cr cn|||||||||
008 830111s2010 mdu sb 001 0 eng d
020 _z9781605907215
040 _aCaPaEBR
_cCaPaEBR
035 _a(OCoLC)695996367
050 1 4 _aHD69.C6
_bS87 2010eb
100 1 _aStryker, Steven C.
245 1 0 _aPrinciples and practices of professional consulting
_h[electronic resource] /
_cSteven C. Stryker.
260 _aLanham, MD :
_bGovernment Institutes,
_c2010.
300 _aix, 180 p.
504 _aIncludes bibliographical references and index.
533 _aElectronic reproduction.
_bPalo Alto, Calif. :
_cebrary,
_d2011.
_nAvailable via World Wide Web.
_nAccess may be limited to ebrary affiliated libraries.
650 0 _aConsultants.
650 0 _aBusiness consultants.
655 7 _aElectronic books.
_2local
710 2 _aConsultant's Library.
710 2 _aebrary, Inc.
856 4 0 _uhttp://site.ebrary.com/lib/rucke/Doc?id=10437337
_zAn electronic book accessible through the World Wide Web; click to view
999 _c132719
_d132719